| 000 | 00834nam a2200229 a 4500 | ||
|---|---|---|---|
| 008 | 071115s2002 ||||||||||||||||| || u | ||
| 020 | _a0821349805 | ||
| 050 | _aHC 59.7 Ste | ||
| 100 | _aStern, Nicholas | ||
| 245 | 1 | 2 | _aA Strategy for development |
| 260 |
_aWashington, D. C.: _bWorld Bank _c2002 |
||
| 300 | _avi, 194p.: ill. | ||
| 350 | _a0.00 | ||
| 650 | _aPOVERTY--DEVELOPING COUNTRIES | ||
| 650 | _aECONOMIC ASSISTANCE--DEVELOPING COUNTRIES | ||
| 650 | 0 | _aDEVELOPING COUNTRIES--ECONOMIC POLICY | |
| 650 | 0 | _aAFRICA--ECONOMIC CONDITIONS | |
| 650 | _aDEVELOPING ECONOMIES | ||
| 650 | _aDEVELOPING COUNTRIES--DEVELOPMENT | ||
| 710 | _aWorld Bank | ||
| 995 |
_D0.00 _FCBU-MAIN LIBRARY (Kitwe) _H1 _I0.00 _M1 _UAVAILABLE _WNov 15, 2007 _ZMain Library Open Access Collection |
||
| 999 |
_c58585 _d58585 |
||